<?xml version="1.0" encoding="UTF-8"?>
<record
    xmlns:xsi="http://www.w3.org/2001/XMLSchema-instance"
    xsi:schemaLocation="http://www.loc.gov/MARC21/slim http://www.loc.gov/standards/marcxml/schema/MARC21slim.xsd"
    xmlns="http://www.loc.gov/MARC21/slim">

  <leader>01062    a2200193   4500</leader>
  <controlfield tag="005">20240802150811.0</controlfield>
  <datafield tag="010" ind1=" " ind2=" ">
    <subfield code="a">B-758960</subfield>
  </datafield>
  <datafield tag="020" ind1=" " ind2=" ">
    <subfield code="a">9789381154533</subfield>
    <subfield code="c">60.00</subfield>
  </datafield>
  <datafield tag="035" ind1=" " ind2=" ">
    <subfield code="a">B-758960</subfield>
  </datafield>
  <datafield tag="037" ind1=" " ind2=" ">
    <subfield code="b">&#x909;&#x92A;&#x939;&#x93E;&#x930; </subfield>
  </datafield>
  <datafield tag="082" ind1=" " ind2=" ">
    <subfield code="a">158.1</subfield>
  </datafield>
  <datafield tag="100" ind1=" " ind2=" ">
    <subfield code="a">&#x936;&#x94D;&#x930;&#x940;&#x935;&#x93E;&#x938;&#x94D;&#x924;&#x935;, &#x938;&#x941;&#x930;&#x947;&#x928;&#x94D;&#x926;&#x94D;&#x930;</subfield>
    <subfield code="9">69346</subfield>
  </datafield>
  <datafield tag="245" ind1=" " ind2=" ">
    <subfield code="a">&#x935;&#x93F;&#x926;&#x94D;&#x92F;&#x93E;&#x925;&#x93F;&#x92F;&#x94B; &#x939;&#x947;&#x924;&#x941; &#x938;&#x921;&#x93C;&#x915; &#x92A;&#x930; &#x92A;&#x948;&#x926;&#x932; &#x91A;&#x932;&#x928;&#x947; &#x935;&#x93E;&#x939;&#x928; &#x92A;&#x930;&#x93F;&#x91A;&#x93E;&#x932;&#x928; &#x924;&#x925;&#x93E; &#x92F;&#x93E;&#x924;&#x93E;&#x92F;&#x93E;&#x924; &#x928;&#x93F;&#x92F;&#x92E;&#x94B; &#x915;&#x940; &#x91C;&#x93E;&#x928;&#x915;&#x93E;&#x930;&#x940;/</subfield>
    <subfield code="c">&#x938;&#x941;&#x930;&#x947;&#x928;&#x94D;&#x926;&#x94D;&#x930; &#x936;&#x94D;&#x930;&#x940;&#x935;&#x93E;&#x938;&#x94D;&#x924;&#x935;</subfield>
  </datafield>
  <datafield tag="260" ind1=" " ind2=" ">
    <subfield code="a">&#x91C;&#x92F;&#x92A;&#x941;&#x930;</subfield>
    <subfield code="b">&#x92C;&#x93E;&#x932;&#x93E;&#x91C;&#x940; &#x92A;&#x92C;&#x94D;&#x932;&#x93F;&#x915;&#x947;&#x936;&#x928;&#x94D;&#x938; </subfield>
    <subfield code="c">2023</subfield>
  </datafield>
  <datafield tag="270" ind1=" " ind2=" ">
    <subfield code="a">45-G &#x917;&#x94B;&#x935;&#x930;&#x94D;&#x927;&#x928; &#x915;&#x949;&#x932;&#x94B;&#x928;&#x940; &#x928;&#x94D;&#x92F;&#x942; &#x938;&#x93E;&#x902;&#x917;&#x93E;&#x928;&#x947;&#x930; &#x930;&#x94B;&#x921; &#x938;&#x94B;&#x921;&#x93E;&#x932;&#x93E;</subfield>
    <subfield code="b">&#x91C;&#x92F;&#x92A;&#x941;&#x930;</subfield>
  </datafield>
  <datafield tag="300" ind1=" " ind2=" ">
    <subfield code="a">32 &#x92A;&#x943;&#x937;&#x94D;&#x920;.;</subfield>
    <subfield code="c">21cm. (&#x938;&#x93E;&#x91C;&#x93F;&#x932;&#x94D;&#x926;)</subfield>
  </datafield>
  <datafield tag="942" ind1=" " ind2=" ">
    <subfield code="a">dpl</subfield>
    <subfield code="c">CH</subfield>
    <subfield code="2">ddc</subfield>
    <subfield code="h">158.1</subfield>
    <subfield code="m">&#x936;&#x94D;&#x930;&#x940;&#x935;&#x93E;&#x938;&#x94D;&#x924;</subfield>
  </datafield>
  <datafield tag="999" ind1=" " ind2=" ">
    <subfield code="c">202699</subfield>
    <subfield code="d">202699</subfield>
  </datafield>
  <datafield tag="952" ind1=" " ind2=" ">
    <subfield code="0">0</subfield>
    <subfield code="1">0</subfield>
    <subfield code="4">0</subfield>
    <subfield code="7">0</subfield>
    <subfield code="8">NFIC</subfield>
    <subfield code="a">ZLS</subfield>
    <subfield code="b">ZLS</subfield>
    <subfield code="d">2024-05-06</subfield>
    <subfield code="e">&#x909;&#x92A;&#x939;&#x93E;&#x930; /29.4.24</subfield>
    <subfield code="g">60.00</subfield>
    <subfield code="l">0</subfield>
    <subfield code="o">158.1 &#x936;&#x94D;&#x930;&#x940;&#x935;&#x93E;&#x938;&#x94D;&#x924;</subfield>
    <subfield code="p">B-758960</subfield>
    <subfield code="r">2024-05-06 00:00:00</subfield>
    <subfield code="v">60.00</subfield>
    <subfield code="w">2024-05-06</subfield>
    <subfield code="y">CH</subfield>
    <subfield code="z">&#x909;&#x92A;&#x939;&#x93E;&#x930;</subfield>
  </datafield>
</record>
